00824nam a2200193Ia 4500008004100000020001500041041001200056082001600068100001400084245011300098260002500211300000800236650001600244700001700260942000700277999001500284952016000299952017100459221030s9999 xx 000 0 und d a8120304098 aEnglish a105.23bLiu aY. C. Liu 0aMicrocomputer Systems : The 8086/ 8088 Family Architecture, Programming & Designcby Y. C. Liu, G. A. Gibson bPHIaNew Delhic1999 a623 aBE Computer aG. A. Gibson cBK c8440d8440 pBE 697g175.00l0o105.23 Liur2024-06-13 00:00:00w2022-10-30yBK003Print4071aMIETLIBbMIETLIBcBL-Second, FL-1, CUP-56, SH-4, R-4d1999-12-0410HBE pBE 698g175.00l0o105.23 Liur2024-06-13 00:00:00w2022-10-30yBK003Print4070aMIETLIBbMIETLIBcBL-Academic Block C, FL-2, CUP-126, SH-2, R-2d1999-12-0410HBE